[Event "St Petersburg Korchnoi Memorial op"]
[Site "St Petersburg"]
[Date "2018.08.21"]
[Round "7"]
[White "Petrov, Dmitri"]
[Black "Khubukshanov, Erdem"]
[Result "0-1"]
[WhiteElo "2233"]
[BlackElo "2031"]
[PlyCount "86"]
[EventDate "2018.08.15"]
[EventType "swiss"]
[EventRounds "9"]
[EventCountry "RUS"]
[SourceTitle "CBM 186 Extra"]
[Source "ChessBase"]
[SourceDate "2018.08.24"]
[SourceVersion "1"]
[SourceVersionDate "2018.08.24"]
[SourceQuality "1"]

1. e4 c5 2. Nf3 e6 3. d4 cxd4 4. Nxd4 Nc6 5. Nc3 Nf6 6. a3 Qc7 7. Be2 Be7 8. 0-0 0-0 9. Be3 d6 10. f4 Bd7 11. Qe1 Nxd4 12. Bxd4 Bc6 13. Bf3 e5 14. Be3 Rad8 15. Rd1 exf4 16. Bd4 Nd7 17. Qd2 Nc5 18. Nd5 Bxd5 19. exd5 Bg5 20. Qc3 Bh6 21. Rfe1 Rc8 22. Rd2 Nd7 23. Qb4 Bg5 24. Rde2 Bh4 25. Rd1 Rfe8 26. Rdd2 Be1 27. Rxe1 Rxe1+ 28. Kf2 Rc1 29. c3 Qd8 30. Qxd6 Qh4+ 31. Ke2 Qe1+ 32. Kd3 Qf1+ 33. Be2 Qxg2 34. Qxf4 Qxd5 35. Ke3 Re8+ 36. Kf2 Qh1 37. Qg3 g6 38. Qf4 h5 39. Bc4 Re7 40. Kg3 Rg1+ 41. Bxg1 Qxg1+ 42. Rg2 h4+ 43. Kh3 Qe3+ 0-1

[Event "St Petersburg Korchnoi Memorial op"]
[Site "St Petersburg"]
[Date "2018.08.18"]
[Round "4"]
[White "Zabolotnov, Evgeny"]
[Black "Petrov, Dmitri"]
[Result "1-0"]
[WhiteElo "2047"]
[BlackElo "2233"]
[PlyCount "55"]
[EventDate "2018.08.15"]
[EventType "swiss"]
[EventRounds "9"]
[EventCountry "RUS"]
[SourceTitle "CBM 186 Extra"]
[Source "ChessBase"]
[SourceDate "2018.08.24"]
[SourceVersion "1"]
[SourceVersionDate "2018.08.24"]
[SourceQuality "1"]

1. d4 d5 2. c4 c6 3. Nc3 Nf6 4. Nf3 a6 5. a4 g6 6. Bf4 Bg7 7. Qb3 dxc4 8. Qxc4 Qb6 9. a5 Qxb2 10. Ra2 Be6 11. Rxb2 Bxc4 12. Rxb7 Nbd7 13. e4 Bb5 14. Bxb5 axb5 15. Bc7 0-0 16. 0-0 Rfc8 17. e5 Ne8 18. Bb6 Nxb6 19. axb6 e6 20. Ne4 Rab8 21. Rxb8 Rxb8 22. Ra1 Kf8 23. Nc5 Kg8 24. Nd7 Rb7 25. Nc5 Rb8 26. b7 Nc7 27. Ra7 Rd8 28. Nd7 1-0

[Event "Riga Tech op 8th"]
[Site "Riga"]
[Date "2018.08.07"]
[Round "2"]
[White "Petrov, Dmitri"]
[Black "Kreisl, Robert"]
[Result "0-1"]
[WhiteElo "2233"]
[BlackElo "2404"]
[PlyCount "62"]
[EventDate "2018.08.06"]
[EventType "swiss"]
[EventRounds "9"]
[EventCountry "LAT"]
[SourceTitle "CBM 185 Extra"]
[Source "ChessBase"]
[SourceDate "2018.07.29"]
[SourceVersion "1"]
[SourceVersionDate "2018.07.29"]
[SourceQuality "1"]

1. e4 c5 2. Nf3 d6 3. Bb5+ Nc6 4. d4 cxd4 5. Qxd4 a6 6. Bxc6+ bxc6 7. c4 e5 8. Qd3 Ne7 9. 0-0 Ng6 10. c5 d5 11. exd5 Qxd5 12. Qe2 Bxc5 13. Rd1 Qe6 14. Qc2 Be7 15. Ng5 Bxg5 16. Bxg5 0-0 17. Nd2 Qg4 18. Be3 Rb8 19. b3 Nh4 20. Qe4 Qh5 21. Nc4 Bg4 22. Rd6 Rfe8 23. h3 Bf5 24. Qxc6 e4 25. Rad1 Nxg2 26. Qxe8+ Rxe8 27. Rd8 f6 28. Rxe8+ Qxe8 29. Kxg2 Bxh3+ 30. Kh2 Bg4 31. Rg1 Qh5+ 0-1

[Event "EST-ch U20"]
[Site "Tallinn"]
[Date "2018.04.30"]
[Round "8"]
[White "Haitin, Ilja"]
[Black "Petrov, Dmitri"]
[Result "0-1"]
[WhiteElo "2304"]
[BlackElo "2260"]
[PlyCount "70"]
[EventDate "2018.04.25"]
[EventType "swiss"]
[EventRounds "9"]
[EventCountry "EST"]
[SourceTitle "CBM 184 Extra"]
[Source "ChessBase"]
[SourceDate "2018.06.28"]
[SourceVersion "1"]
[SourceVersionDate "2018.06.28"]
[SourceQuality "1"]

1. d4 d5 2. c4 c6 3. Nf3 Nf6 4. Nbd2 Bf5 5. g3 h6 6. Bg2 e6 7. 0-0 Be7 8. b3 0-0 9. Bb2 Nbd7 10. Ne5 Qc7 11. Rc1 Rad8 12. Ndf3 Be4 13. Nd3 Bd6 14. a3 Qb8 15. b4 Rfe8 16. Nc5 Bh7 17. Nd2 e5 18. cxd5 Nxd5 19. Nxd7 Rxd7 20. Nc4 e4 21. Qb3 a6 22. Ne5 Rde7 23. f3 Qa7 24. Nc4 Bc7 25. f4 Kh8 26. Kh1 f6 27. a4 Bg8 28. Qa3 Qb8 29. e3 b5 30. Nd2 Bd6 31. Nb1 Bxb4 32. Qb3 bxa4 33. Qxa4 Nxe3 34. Qxc6 Bd5 35. Qxa6 Nxg2 0-1

[Event "Orsha op"]
[Site "Orsha"]
[Date "2018.01.31"]
[Round "4"]
[White "Stupak, Kirill"]
[Black "Petrov, Dmitri"]
[Result "0-1"]
[WhiteElo "2565"]
[BlackElo "2222"]
[PlyCount "64"]
[EventDate "2018.01.29"]
[EventType "swiss"]
[EventRounds "9"]
[EventCountry "BLR"]
[SourceTitle "CBM 182 Extra"]
[Source "ChessBase"]
[SourceDate "2018.02.23"]
[SourceVersion "1"]
[SourceVersionDate "2018.02.23"]
[SourceQuality "1"]

1. d4 d5 2. Nf3 Nc6 3. c4 Bg4 4. Nc3 e6 5. e3 Nf6 6. Be2 Be7 7. 0-0 0-0 8. b3 Bb4 9. Bb2 Ne7 10. Ne5 Bxc3 11. Bxc3 Bxe2 12. Qxe2 Ng6 13. Nd3 Ne4 14. Bb2 f5 15. f3 Ng5 16. Rac1 Qe7 17. b4 c6 18. a4 Nf7 19. b5 e5 20. cxd5 cxd5 21. Rc5 Rfd8 22. Rfc1 e4 23. fxe4 fxe4 24. Nb4 Qg5 25. Qf2 b6 26. R5c3 Nd6 27. Qg3 Qh5 28. Ba1 Nf5 29. Qh3 Qg5 30. Bb2 Nxd4 31. Kf2 Rf8+ 32. Ke1 Qf6 0-1

[Event "St Petersburg Summer op"]
[Site "St Petersburg"]
[Date "2017.08.20"]
[Round "5"]
[White "Lovkov, Roman"]
[Black "Petrov, Dmitri"]
[Result "1-0"]
[WhiteElo "2421"]
[BlackElo "2215"]
[PlyCount "159"]
[EventDate "2017.08.16"]
[EventType "swiss"]
[EventRounds "9"]
[EventCountry "RUS"]
[SourceTitle "CBM 180 Extra"]
[Source "ChessBase"]
[SourceDate "2017.10.06"]
[SourceVersion "1"]
[SourceVersionDate "2017.10.06"]
[SourceQuality "1"]

1. d4 d5 2. c4 Nc6 3. Nc3 dxc4 4. Nf3 Nf6 5. Bg5 Bg4 6. d5 Bxf3 7. exf3 Ne5 8. f4 Ned7 9. Bxc4 g6 10. Qb3 Bg7 11. Qxb7 0-0 12. 0-0 Nc5 13. Qb4 Qd6 14. Rad1 Nce4 15. Qxd6 Nxd6 16. Bd3 Rab8 17. b3 Rfe8 18. Rfe1 Nh5 19. Ne2 h6 20. Bh4 Rb4 21. f3 Nxf4 22. Bf2 Nxd5 23. Bc5 Rbb8 24. Bxg6 fxg6 25. Rxd5 Rb5 26. b4 c6 27. Rdd1 a5 28. a4 Rbb8 29. bxa5 Ra8 30. Nf4 g5 31. Ne6 Bc3 32. Re3 Bxa5 33. f4 Nb7 34. Bd4 c5 35. Be5 Ra6 36. Ba1 gxf4 37. Nxf4 e5 38. Bxe5 Nd8 39. Rg3+ Kf8 40. Bd6+ Kf7 41. Bxc5 Re1+ 42. Rxe1 Bxe1 43. Rf3 Bd2 44. Nd5+ Kg7 45. Bd4+ Kh7 46. Rg3 Bg5 47. Nb6 Ne6 48. Bf2 Bh4 49. Rb3 Bxf2+ 50. Kxf2 Nc5 51. Rb5 Nxa4 52. Nd5 Rc6 53. Rb7+ Kh8 54. g4 Nc5 55. Ra7 Rd6 56. Ne3 h5 57. Ra8+ Kh7 58. gxh5 Ne4+ 59. Kf3 Nf6 60. Ra5 Rd4 61. Nf5 Rd5 62. Ra7+ Kh8 63. Kf4 Rd7 64. Ra6 Ng8 65. Kg5 Rd2 66. h4 Rg2+ 67. Kf4 Rg1 68. Ne3 Rh1 69. Kg5 Rg1+ 70. Ng4 Rb1 71. h6 Rb7 72. Ne5 Rc7 73. Ng6+ Kh7 74. Nf8+ Kh8 75. Ng6+ Kh7 76. Nf8+ Kh8 77. h7 Rg7+ 78. Kh5 Nf6+ 79. Rxf6 Rg1 80. Ne6 1-0

[Event "St Petersburg Summer op"]
[Site "St Petersburg"]
[Date "2017.08.18"]
[Round "3"]
[White "Aksenova, Maria"]
[Black "Petrov, Dmitri"]
[Result "0-1"]
[WhiteElo "1991"]
[BlackElo "2215"]
[PlyCount "88"]
[EventDate "2017.08.16"]
[EventType "swiss"]
[EventRounds "9"]
[EventCountry "RUS"]
[SourceTitle "CBM 180 Extra"]
[Source "ChessBase"]
[SourceDate "2017.10.06"]
[SourceVersion "1"]
[SourceVersionDate "2017.10.06"]
[SourceQuality "1"]

1. d4 d5 2. Nf3 Nf6 3. c4 c6 4. Nc3 a6 5. a4 e6 6. Bg5 Be7 7. e3 0-0 8. Bd3 a5 9. 0-0 Na6 10. Rc1 Nb4 11. Bb1 dxc4 12. Ne5 b6 13. Na2 Nd7 14. Bxe7 Qxe7 15. Nxc4 b5 16. Ne5 Nxe5 17. dxe5 Rd8 18. Qg4 bxa4 19. Nc3 Ba6 20. Rfd1 Nd3 21. Qe4 Qb4 22. Rxd3 Bxd3 23. Bxd3 g6 24. h4 Qxb2 25. Rc2 Qa1+ 26. Kh2 a3 27. Qc4 Rab8 28. Ra2 Qe1 29. Re2 Qf1 30. Rd2 Rxd3 31. Rxd3 Qxf2 32. Nd1 Qf5 33. Rxa3 Rb4 34. Qc5 Qg4 35. Qc3 Qxd1 36. Rxa5 Rxh4+ 37. Kg3 Rg4+ 38. Kf2 Kg7 39. Ra7 Qd5 40. g3 Rc4 41. Qb2 Qh1 42. Qe2 Rc1 43. Rc7 Rg1 44. Re7 Qg2# 0-1

[Event "Riga Tech op 7th"]
[Site "Riga"]
[Date "2017.08.07"]
[Round "1"]
[White "Petrov, Dmitri"]
[Black "Brunello, Sabino"]
[Result "0-1"]
[WhiteElo "2215"]
[BlackElo "2566"]
[PlyCount "118"]
[EventDate "2017.08.07"]
[EventType "swiss"]
[EventRounds "9"]
[EventCountry "LAT"]
[SourceTitle "CBM 179 Extra"]
[Source "ChessBase"]
[SourceDate "2017.08.23"]
[SourceVersion "1"]
[SourceVersionDate "2017.08.23"]
[SourceQuality "1"]

1. e4 e5 2. Nf3 Nc6 3. Nc3 Nf6 4. d4 exd4 5. Nxd4 Bb4 6. Nxc6 bxc6 7. Bd3 0-0 8. 0-0 d5 9. exd5 cxd5 10. h3 c6 11. Qf3 h6 12. Ne2 Re8 13. Nd4 Bd7 14. Bf4 c5 15. c3 Bxc3 16. bxc3 cxd4 17. cxd4 Ne4 18. Rfe1 Qf6 19. Bxe4 dxe4 20. Rxe4 Bc6 21. Rxe8+ Rxe8 22. Qg3 Qxd4 23. Rc1 Re6 24. Be3 Qd5 25. Qf3 Qxf3 26. gxf3 a6 27. h4 Bxf3 28. Rc4 Kh7 29. Rb4 Re5 30. Ra4 Be2 31. Kg2 Kg6 32. Kg3 Kh5 33. a3 Re6 34. Ra5+ Kg6 35. Rd5 Re4 36. Rd4 Re5 37. Bd2 Rf5 38. Be3 Rf3+ 39. Kg2 Rf6 40. Kg3 Rc6 41. a4 Rc3 42. Rb4 Ra3 43. Rd4 Ra1 44. Bd2 Ra3+ 45. Be3 f6 46. Kg2 Kh5 47. Bc1 Rb3 48. Rd7 Bf3+ 49. Kh2 Rb1 50. Kg3 Bc6 51. Rd1 Bxa4 52. Rd5+ g5 53. hxg5 hxg5 54. Bd2 Bc6 55. Rc5 Rg1+ 56. Kh3 Bf3 57. Be3 Kg6 58. Ra5 g4+ 59. Kh4 g3 0-1

[Event "Viljandi Raud Memorial 51st"]
[Site "Viljandi"]
[Date "2017.07.02"]
[Round "7"]
[White "Petrov, Dmitri"]
[Black "Stremavicius, Titas"]
[Result "0-1"]
[WhiteElo "2215"]
[BlackElo "2434"]
[PlyCount "114"]
[EventDate "2017.07.01"]
[EventType "swiss (rapid)"]
[EventRounds "10"]
[EventCountry "EST"]
[SourceTitle "CBM 179 Extra"]
[Source "ChessBase"]
[SourceDate "2017.08.23"]
[SourceVersion "1"]
[SourceVersionDate "2017.08.23"]
[SourceQuality "1"]

1. e4 c5 2. Nf3 Nc6 3. Bb5 g6 4. Bxc6 bxc6 5. 0-0 Bg7 6. Re1 Nh6 7. c3 0-0 8. d4 cxd4 9. cxd4 f6 10. h3 Nf7 11. Nc3 Qa5 12. Bd2 Qa6 13. Qb3 d6 14. a3 Qb7 15. Qa2 a5 16. Rab1 Bd7 17. Bf4 e5 18. Be3 Rfe8 19. Red1 exd4 20. Nxd4 c5 21. Nf3 Be6 22. Nd5 Bxd5 23. Rxd5 Rxe4 24. Rxd6 c4 25. Rd4 Rc8 26. Rbd1 f5 27. Rxe4 Qxe4 28. Bd4 Qc2 29. Qb1 Qxb1 30. Rxb1 Rb8 31. Rc1 Bxd4 32. Nxd4 Ne5 33. f4 Nd3 34. Rxc4 Rxb2 35. Nc6 Ra2 36. Ra4 Ne1 37. Rxa5 Nxg2 38. Nb4 Re2 39. Re5 Nxf4 40. Rxe2 Nxe2+ 41. Kf2 Nc3 42. Ke3 Kf7 43. Kd3 Na4 44. h4 Ke6 45. Kd4 h6 46. Nd5 g5 47. Nc7+ Kd7 48. Nd5 Ke6 49. Nc7+ Kd7 50. Nd5 Kd6 51. Ne3 Ke6 52. Nd5 gxh4 53. Nf4+ Kd6 54. Nh3 Nc5 55. Nf4 Ne6+ 56. Nxe6 Kxe6 57. Ke3 Kd5 0-1

[Event "Orsha"]
[Site "Orsha"]
[Date "2017.01.23"]
[Round "5"]
[White "Martynyuk, Elizaveta"]
[Black "Petrov, Dmitri"]
[Result "1/2-1/2"]
[WhiteElo "2171"]
[BlackElo "2204"]
[PlyCount "79"]
[EventDate "2017.01.20"]
[EventType "tourn"]
[EventRounds "9"]
[EventCountry "BLR"]
[EventCategory "1"]
[SourceTitle "CBM 176 Extra"]
[Source "ChessBase"]
[SourceDate "2017.03.02"]
[SourceVersion "1"]
[SourceVersionDate "2017.03.02"]
[SourceQuality "1"]

1. e4 d5 2. exd5 Qxd5 3. Nc3 Qd8 4. d4 Nf6 5. Nf3 Bg4 6. h3 Bxf3 7. Qxf3 c6 8. Be3 e6 9. Bd3 Be7 10. 0-0 0-0 11. Rad1 Nbd7 12. Bf4 Qa5 13. a3 Rfe8 14. Rfe1 Rac8 15. Be5 b5 16. Ne4 Nxe5 17. Nxf6+ Bxf6 18. dxe5 Be7 19. Re4 c5 20. Rf4 Rf8 21. Qb7 Rc7 22. Qxb5 Qxb5 23. Bxb5 Rd8 24. Rxd8+ Bxd8 25. Rf3 g6 26. Rd3 Bg5 27. Rd1 Bf4 28. Re1 Rb7 29. a4 a6 30. Bxa6 Rxb2 31. Bd3 Bd2 32. Re4 Bc3 33. Kh2 Bd4 34. f4 Ra2 35. h4 h5 36. Kg3 Rxa4 37. c3 Ra3 38. cxd4 Rxd3+ 39. Kf2 cxd4 40. Ke2 1/2-1/2

[Event "Orsha"]
[Site "Orsha"]
[Date "2017.01.22"]
[Round "4"]
[White "Petrov, Dmitri"]
[Black "Drogovoz, Irina"]
[Result "0-1"]
[WhiteElo "2204"]
[BlackElo "2193"]
[PlyCount "104"]
[EventDate "2017.01.20"]
[EventType "tourn"]
[EventRounds "9"]
[EventCountry "BLR"]
[EventCategory "1"]
[SourceTitle "CBM 176 Extra"]
[Source "ChessBase"]
[SourceDate "2017.03.02"]
[SourceVersion "1"]
[SourceVersionDate "2017.03.02"]
[SourceQuality "1"]

1. e4 c5 2. Nf3 e6 3. d4 cxd4 4. Nxd4 Nf6 5. Nc3 d6 6. Be2 Be7 7. 0-0 a6 8. Be3 Qc7 9. f4 0-0 10. Qe1 Nc6 11. Qg3 Nxd4 12. Bxd4 b5 13. Bd3 g6 14. Kh1 Bb7 15. e5 dxe5 16. fxe5 Nh5 17. Qe3 Ng7 18. Bb6 Qb8 19. Rae1 Nf5 20. Bxf5 exf5 21. Rd1 Qc8 22. a3 Qe6 23. Rd3 Rfe8 24. Bd4 Bf8 25. Qg3 Bg7 26. Re3 Rad8 27. Ne2 Be4 28. Rc3 Bxe5 29. Bxe5 Qxe5 30. Nf4 Rd2 31. h4 Rxc2 32. Rxc2 Bxc2 33. h5 Kg7 34. hxg6 hxg6 35. Qg5 Rh8+ 36. Kg1 Be4 37. b4 Ba8 38. Qg3 Re8 39. Qg5 Rh8 40. Qg3 Qf6 41. Rd1 Qb6+ 42. Kf1 Rh1+ 43. Ke2 Rxd1 44. Kxd1 Qd6+ 45. Ke1 Kg8 46. Qg5 Be4 47. Nh5 Qd4 48. Nf6+ Kg7 49. Nh5+ Kf8 50. Qh6+ Ke8 51. Ng7+ Ke7 52. Qh8 Qg1+ 0-1

[Event "Orsha"]
[Site "Orsha"]
[Date "2017.01.21"]
[Round "3"]
[White "Timerkhanov, Alexander"]
[Black "Petrov, Dmitri"]
[Result "1/2-1/2"]
[WhiteElo "2360"]
[BlackElo "2204"]
[PlyCount "87"]
[EventDate "2017.01.20"]
[EventType "tourn"]
[EventRounds "9"]
[EventCountry "BLR"]
[EventCategory "1"]
[SourceTitle "CBM 176 Extra"]
[Source "ChessBase"]
[SourceDate "2017.03.02"]
[SourceVersion "1"]
[SourceVersionDate "2017.03.02"]
[SourceQuality "1"]

1. Nf3 d5 2. c4 c6 3. e3 Nf6 4. Nc3 a6 5. b3 b5 6. Bb2 Bg4 7. Be2 e6 8. Ne5 Bxe2 9. Nxe2 Bd6 10. cxd5 cxd5 11. Rc1 0-0 12. 0-0 Nfd7 13. f4 Ra7 14. Nf3 Rc7 15. Rxc7 Qxc7 16. Qa1 f6 17. Ned4 Re8 18. Rc1 Qb7 19. Qb1 Nf8 20. Qc2 Re7 21. Qb1 Rc7 22. g4 g6 23. Rxc7 Qxc7 24. Ne2 Nbd7 25. g5 fxg5 26. Nxg5 e5 27. fxe5 Bxe5 28. Bxe5 Qxe5 29. Nf3 Qh5 30. Qf1 Ne5 31. Nxe5 Qxe5 32. Qf3 Ne6 33. d4 Ng5 34. Qg3 Qf5 35. h4 Qb1+ 36. Kg2 Nf7 37. Qb8+ Kg7 38. Nf4 Qe4+ 39. Kf2 Qc2+ 40. Kg3 Qb1 41. Qe8 Qe1+ 42. Kh3 Qh1+ 43. Kg3 Qe1+ 44. Kh3 1/2-1/2

[Event "Orsha"]
[Site "Orsha"]
[Date "2017.01.20"]
[Round "1"]
[White "Yashmetov, Mikhail"]
[Black "Petrov, Dmitri"]
[Result "1-0"]
[WhiteElo "2277"]
[BlackElo "2204"]
[PlyCount "161"]
[EventDate "2017.01.20"]
[EventType "tourn"]
[EventRounds "9"]
[EventCountry "BLR"]
[EventCategory "1"]
[SourceTitle "CBM 176 Extra"]
[Source "ChessBase"]
[SourceDate "2017.03.02"]
[SourceVersion "1"]
[SourceVersionDate "2017.03.02"]
[SourceQuality "1"]

1. Nf3 d5 2. d4 Nf6 3. Bf4 g6 4. h3 Bg7 5. e3 0-0 6. Be2 c5 7. c3 Qb6 8. Qb3 Bf5 9. dxc5 Qxb3 10. axb3 Bxb1 11. Rxb1 Ne4 12. 0-0 Nxc5 13. b4 Ne4 14. Rfd1 e6 15. Bd3 Nf6 16. Nd4 Nbd7 17. Nb3 Rfc8 18. Ra1 Ne8 19. e4 Ne5 20. exd5 exd5 21. Be2 Nc7 22. Nc5 b6 23. Na6 h6 24. Nxc7 Rxc7 25. Rxd5 Re7 26. g4 Rc8 27. Be3 g5 28. Rad1 Bf6 29. Kg2 Kg7 30. Ba6 Rcc7 31. Rd6 Ng6 32. Bb5 Nh4+ 33. Kf1 Be5 34. Rd7 f5 35. Rxc7 Rxc7 36. Rd7+ Rxd7 37. Bxd7 f4 38. Bc1 Kf6 39. Ke2 f3+ 40. Kd3 Ng2 41. Bd2 Bf4 42. Bxf4 Nxf4+ 43. Ke4 Nxh3 44. Kxf3 Ke5 45. Ke3 Nf4 46. Bc6 Kd6 47. Ba8 Ke5 48. f3 Ne6 49. Kd3 Nc7 50. Be4 Ne6 51. Kc4 Kd6 52. Bf5 Ng7 53. Bg6 Ne6 54. Bf7 Nf4 55. Kd4 Ke7 56. Bb3 Kd6 57. Ke4 Ng6 58. Bc4 Ne7 59. Bf7 Nc8 60. Kf5 Ne7+ 61. Kf6 Nc6 62. Bg6 Ne5 63. Be4 Nc4 64. b3 Nd2 65. Kg6 Ke5 66. Kxh6 Kf4 67. Bd5 a5 68. bxa5 bxa5 69. b4 a4 70. b5 Ke5 71. b6 Kd6 72. b7 Kc7 73. Kxg5 a3 74. Kf4 Nb1 75. g5 Nxc3 76. Bb3 a2 77. Bxa2 Nxa2 78. g6 Nb4 79. g7 Nd5+ 80. Ke5 Ne7 81. Ke6 1-0

[Event "Keres Memorial rap 26th"]
[Site "Tallinn"]
[Date "2017.01.14"]
[Round "5"]
[White "Kovalenko, Igor"]
[Black "Petrov, Dmitri"]
[Result "1-0"]
[WhiteElo "2684"]
[BlackElo "2204"]
[PlyCount "57"]
[EventDate "2017.01.14"]
[EventType "swiss (rapid)"]
[EventRounds "11"]
[EventCountry "EST"]
[SourceTitle "CBM 176 Extra"]
[Source "ChessBase"]
[SourceDate "2017.03.02"]
[SourceVersion "1"]
[SourceVersionDate "2017.03.02"]
[SourceQuality "1"]

1. d4 d5 2. c4 Nc6 3. Nf3 Bg4 4. Nc3 e6 5. cxd5 exd5 6. Bf4 Nf6 7. e3 Be7 8. h3 Bh5 9. Be2 0-0 10. Qb3 Rb8 11. 0-0 h6 12. Rac1 a6 13. Rfd1 Re8 14. a3 Bd6 15. Nxd5 Nxd5 16. Qxd5 Bxf4 17. Qxh5 Bd6 18. Bc4 Qf6 19. Re1 Nd8 20. e4 Bf4 21. Rc2 g6 22. Qa5 Ne6 23. e5 Qf5 24. Rce2 Ng5 25. Nxg5 Bxg5 26. Re4 c6 27. h4 Bd8 28. Qd2 Kg7 29. Rf4 1-0

[Event "Chigorin Memorial 24th"]
[Site "St Petersburg"]
[Date "2016.10.15"]
[Round "1"]
[White "Petrov, Dmitri"]
[Black "Riakhovskii, Mark"]
[Result "1-0"]
[WhiteElo "2200"]
[BlackElo "1370"]
[PlyCount "95"]
[EventDate "2016.10.15"]
[EventType "swiss"]
[EventRounds "9"]
[EventCountry "RUS"]
[SourceTitle "CBM 175 Extra"]
[Source "ChessBase"]
[SourceDate "2016.12.12"]
[SourceVersion "1"]
[SourceVersionDate "2016.12.12"]
[SourceQuality "1"]

1. e4 c5 2. Nf3 d6 3. d4 cxd4 4. Qxd4 Nf6 5. Bg5 Nc6 6. Bb5 Nd7 7. Qd2 Qc7 8. Nc3 a6 9. Nd5 Qb8 10. Be2 e6 11. Ne3 Nc5 12. Bd3 Be7 13. Bxe7 Nxe7 14. 0-0 b5 15. b4 Nxd3 16. Qxd3 0-0 17. Rfd1 Rd8 18. e5 d5 19. Ng4 Bb7 20. Qe3 Qc7 21. Qg5 Ng6 22. Nd4 Rdc8 23. g3 Qc3 24. Rab1 Qc4 25. Rb3 a5 26. Ne3 Qc7 27. f4 Qd7 28. a3 Ne7 29. h4 a4 30. Rbd3 Nc6 31. Ng4 Kh8 32. Nf3 Ne7 33. Qh5 Nf5 34. Ng5 h6 35. Nxf7+ Kh7 36. Nfxh6 Nxh6 37. Qxh6+ gxh6 38. Nf6+ Kg6 39. Nxd7 Rxc2 40. Nc5 Bc8 41. R1d2 Rc4 42. Kg2 h5 43. Kf3 Ra7 44. Rd4 Kf5 45. Rxc4 dxc4 46. Rd8 Bb7+ 47. Nxb7 Rxb7 48. Rg8 1-0

[Event "Viljandi Raud Memorial 50th"]
[Site "Viljandi"]
[Date "2016.07.03"]
[Round "7"]
[White "Petrov, Dmitri"]
[Black "Timoshin, Andrei"]
[Result "1-0"]
[WhiteElo "2176"]
[BlackElo "1775"]
[PlyCount "65"]
[EventDate "2016.06.27"]
[EventType "swiss"]
[EventRounds "9"]
[EventCountry "EST"]
[SourceTitle "CBM 173 Extra"]
[Source "ChessBase"]
[SourceDate "2016.08.29"]
[SourceVersion "1"]
[SourceVersionDate "2016.08.29"]
[SourceQuality "1"]

1. e4 c5 2. Nf3 e6 3. d4 cxd4 4. Nxd4 a6 5. c4 Qc7 6. Be2 Nf6 7. Nc3 Nc6 8. 0-0 Be7 9. Be3 0-0 10. f4 b6 11. e5 Ne8 12. Nxc6 dxc6 13. Bd3 Bb7 14. Qh5 g6 15. Qh6 c5 16. Ne4 Rd8 17. Bc2 Bxe4 18. Bxe4 f6 19. Rf2 Ng7 20. Rf3 Nf5 21. Bxf5 exf5 22. h4 Rf7 23. exf6 Bxf6 24. h5 Rg7 25. hxg6 hxg6 26. Re1 Qf7 27. Rh3 Qxc4 28. Bf2 Kf7 29. Bh4 Qd4+ 30. Bf2 Qd5 31. Rhe3 Qa8 32. Re6 Re8 33. Rxe8 1-0

[Event "Viljandi Raud Memorial 50th"]
[Site "Viljandi"]
[Date "2016.07.02"]
[Round "6"]
[White "Shishkov, Andrei"]
[Black "Petrov, Dmitri"]
[Result "1-0"]
[WhiteElo "2376"]
[BlackElo "2176"]
[PlyCount "57"]
[EventDate "2016.06.27"]
[EventType "swiss"]
[EventRounds "9"]
[EventCountry "EST"]
[SourceTitle "CBM 173 Extra"]
[Source "ChessBase"]
[SourceDate "2016.08.29"]
[SourceVersion "1"]
[SourceVersionDate "2016.08.29"]
[SourceQuality "1"]

1. d4 d5 2. c4 Nc6 3. Nf3 Bg4 4. Nc3 e6 5. Bg5 f6 6. cxd5 exd5 7. Bf4 Bd6 8. Nxd5 Bxf4 9. Nxf4 Bxf3 10. gxf3 Qxd4 11. Qxd4 Nxd4 12. 0-0-0 0-0-0 13. e3 Nc6 14. Bh3+ Kb8 15. Ne6 Rxd1+ 16. Rxd1 g6 17. Rd7 Nge7 18. Rxc7 Nd5 19. Rd7 Ndb4 20. a3 Ne5 21. Nc5 b6 22. f4 Na2+ 23. Kb1 Nxd7 24. Nxd7+ Kc7 25. Nxf6 Rd8 26. Kxa2 Rd1 27. Nxh7 Rd2 28. Bg4 Rxf2 29. h3 1-0

[Event "Panevezys op-A"]
[Site "Panevezys"]
[Date "2016.06.12"]
[Round "9"]
[White "Malinin, Yuri"]
[Black "Petrov, Dmitri"]
[Result "1-0"]
[WhiteElo "2220"]
[BlackElo "2176"]
[PlyCount "53"]
[EventDate "2016.06.06"]
[EventType "swiss"]
[EventRounds "9"]
[EventCountry "LTU"]
[SourceTitle "CBM 172 Extra"]
[Source "ChessBase"]
[SourceDate "2016.06.21"]
[SourceVersion "1"]
[SourceVersionDate "2016.06.21"]
[SourceQuality "1"]

1. d4 d5 2. c4 Nc6 3. Nc3 dxc4 4. d5 Ne5 5. f4 Nd7 6. e4 Nb6 7. a4 a5 8. Be3 e6 9. Bxb6 cxb6 10. Bxc4 Bb4 11. dxe6 Qxd1+ 12. Rxd1 Bxe6 13. Bb5+ Kf8 14. f5 Bb3 15. Rd2 Nf6 16. Nge2 g6 17. Nc1 Nxe4 18. Nxb3 Nxc3 19. bxc3 Bxc3 20. f6 Rd8 21. Ke2 Rxd2+ 22. Nxd2 Bxf6 23. Rc1 Bd8 24. Rc8 Kg7 25. Ne4 Rf8 26. h3 h5 27. Rb8 1-0

[Event "Panevezys op-A"]
[Site "Panevezys"]
[Date "2016.06.10"]
[Round "7"]
[White "Petrov, Dmitri"]
[Black "Ni, Viktorija"]
[Result "1/2-1/2"]
[WhiteElo "2176"]
[BlackElo "2217"]
[PlyCount "66"]
[EventDate "2016.06.06"]
[EventType "swiss"]
[EventRounds "9"]
[EventCountry "LTU"]
[SourceTitle "CBM 172 Extra"]
[Source "ChessBase"]
[SourceDate "2016.06.21"]
[SourceVersion "1"]
[SourceVersionDate "2016.06.21"]
[SourceQuality "1"]

1. e4 c5 2. Nf3 e6 3. d4 cxd4 4. Nxd4 Nc6 5. Nb5 d6 6. c4 a6 7. N5a3 Nf6 8. Nc3 Be7 9. Be2 0-0 10. 0-0 b6 11. Be3 Bb7 12. f4 Qc7 13. Bf3 Rac8 14. Qe2 Bd8 15. Rac1 Qb8 16. Qf2 Ba8 17. Rfd1 Bc7 18. Na4 Nd7 19. e5 Rfd8 20. exd6 Bxd6 21. g3 Bc7 22. Qg2 Ne7 23. Bxa8 Qxa8 24. Qxa8 Rxa8 25. Rc3 Rab8 26. Rcd3 Nf8 27. Rxd8 Bxd8 28. b4 b5 29. Ba7 Ra8 30. Bb6 bxa4 31. Bxd8 Nc6 32. Bc7 Nxb4 33. Rd2 Rc8 1/2-1/2

[Event "Chigorin Memorial 23rd"]
[Site "St Petersburg"]
[Date "2015.10.07"]
[Round "5"]
[White "Petrov, Dmitri"]
[Black "Slavin, Alexei"]
[Result "0-1"]
[WhiteElo "2245"]
[BlackElo "2401"]
[PlyCount "54"]
[EventDate "2015.10.03"]
[EventType "swiss"]
[EventRounds "9"]
[EventCountry "RUS"]
[SourceTitle "CBM 168 Extra"]
[Source "ChessBase"]
[SourceDate "2015.10.29"]
[SourceVersion "1"]
[SourceVersionDate "2015.10.29"]
[SourceQuality "1"]

1. e4 e5 2. Nf3 Nc6 3. Nc3 Bc5 4. Nxe5 Nxe5 5. d4 Bd6 6. dxe5 Bxe5 7. Bc4 d6 8. 0-0 Be6 9. Nd5 c6 10. f4 Bf6 11. Ne3 Ne7 12. Be2 Bc8 13. Qd3 0-0 14. Rd1 Ng6 15. g3 Re8 16. Bf3 Qb6 17. Qxd6 Bxb2 18. Rb1 Bxc1 19. Rxb6 Bxe3+ 20. Kg2 Bxb6 21. h4 Nf8 22. f5 Nd7 23. g4 Ne5 24. Be2 Bd7 25. Qb4 c5 26. Qc3 Bc6 27. Qe3 Nxg4 0-1